Informačné procesy v riadení záverečná práca postgraduálneho štúdia

Na minha lista:
Detalhes bibliográficos
Autor principal: Hruška, Milan
Autor Corporativo: Vysoká škola ekonomická v Bratislave
Outros Autores: Haviar, Milan
Formato: Livro
Idioma:eslovaco
Publicado em: Bratislava 1990
Tags: Adicionar Tag
Sem tags, seja o primeiro a adicionar uma tag!

MARC

LEADER 00000nam a2200000 4500
001 c034530
005 20221215070705.6
041 0 |a slo 
044 |a SK 
245 1 0 |a Informačné procesy v riadení  |b záverečná práca postgraduálneho štúdia  |c Milan Hruška ; Ved. práce Milan Haviar 
264 1 |a Bratislava  |c 1990 
300 |a 71 s. 
100 1 |a Hruška, Milan 
700 1 |a Haviar, Milan 
710 2 |a Vysoká škola ekonomická v Bratislave